[Event "Lichtenberger Sommer 2019"]
[Site "Berlin"]
[Date "2019.08.25"]
[Round "9.3"]
[White "Thinius, Marco"]
[Black "Heuser, Philip"]
[Result "1/2-1/2"]
[WhiteElo "2404"]
[BlackElo "2064"]
[PlyCount "103"]
[EventDate "2019.??.??"]
[WhiteTeam "SV Empor Berlin"]
[BlackTeam "Münchener SC"]

1. Nf3 Nf6 2. c4 c6 3. g3 d5 4. Bg2 Bg4 5. Ne5 Be6 6. cxd5 Bxd5 7. Nf3 c5 8.
Nc3 Bc6 9. O-O e6 10. d3 Be7 11. e4 O-O 12. Re1 h6 13. d4 cxd4 14. Nxd4 Bb4 15.
Bf4 Qa5 16. Qb3 Bxc3 17. bxc3 e5 18. Nxc6 Nxc6 19. Be3 Qc7 20. Rad1 Na5 21. Qb4
Rac8 22. Bxa7 Nc6 23. Bb6 Nxb4 24. Bxc7 Rxc7 25. cxb4 Ra8 26. Rd2 Rc4 27. Rb2
Ra4 28. b5 Rcb4 29. Reb1 Rxb2 30. Rxb2 Nxe4 31. Bxe4 Rxe4 32. Rc2 Rb4 33. Rc5
f6 34. a3 Rb1+ 35. Kg2 b6 36. Rc8+ Kf7 37. a4 g5 38. g4 Rb4 39. h3 Rxa4 40. Rc6
Rb4 41. Rxb6 Kg6 42. Rb8 h5 43. f3 hxg4 44. hxg4 e4 45. fxe4 Rxe4 46. Kf3 Rf4+
47. Kg3 Rb4 48. b6 f5 49. gxf5+ Kxf5 50. Rf8+ Ke6 51. Rh8 Kd7 52. Rg8 1/2-1/2

[Event "Lichtenberger Sommer 2019"]
[Site "Berlin"]
[Date "2019.08.25"]
[Round "9.6"]
[White "Püschel, Werner"]
[Black "Hesse, Henrik"]
[Result "0-1"]
[WhiteElo "2012"]
[BlackElo "2185"]
[PlyCount "158"]
[EventDate "2019.??.??"]
[WhiteTeam "SV Briesen"]
[BlackTeam "SV Mattnetz Berlin"]

1. c4 Nf6 2. Nc3 g6 3. g3 Bg7 4. Bg2 O-O 5. Nf3 d6 6. O-O e5 7. d3 c6 8. Rb1 a5
9. a4 Na6 10. e4 h6 11. h3 Be6 12. Kh2 Qc7 13. Re1 Rad8 14. Qe2 Nd7 15. b3 Nb4
16. Ba3 Nc5 17. Bxb4 axb4 18. Na2 Qb6 19. Qd2 Na6 20. Rbd1 d5 21. Qc2 dxe4 22.
dxe4 Nc5 23. Nc1 h5 24. Kg1 Rxd1 25. Rxd1 Rd8 26. Rxd8+ Qxd8 27. Bf1 f5 28. Nd3
Nxe4 29. Nxb4 Nc5 30. h4 Qb6 31. Nd3 Qxb3 32. Qxb3 Nxb3 33. Ndxe5 Bxe5 34. Nxe5
Kg7 35. f4 Kf6 36. Bd3 Bf7 37. Bc2 Nc5 38. Kf2 Be8 39. a5 Ke6 40. Ke3 Kd6 41.
Kd4 Ne6+ 42. Kc3 Kc7 43. Nd3 Kd6 44. Ba4 Bd7 45. Ne5 Nc5 46. Bc2 Be8 47. Kd4
Ne6+ 48. Kc3 c5 49. Bd1 Nd4 50. Bf3 Kc7 51. Kb2 Kb8 52. Bd1 Nc6 53. Nxc6+ Bxc6
54. Kc3 Ka7 55. Bb3 Ka6 56. Bd1 Kxa5 57. Bb3 Ba4 58. Ba2 Bd1 59. Bb1 Ka4 60.
Bd3 Bf3 61. Bc2+ Ka3 62. Bb3 Be4 63. Bd1 Bc6 64. Be2 Ka2 65. Bd1 Kb1 66. Bb3
Kc1 67. Bc2 Bg2 68. Ba4 Bf3 69. Be8 Kd1 70. Bxg6 Bg4 71. Kd3 Ke1 72. Ke3 Kf1
73. Bf7 Kg2 74. Bd5+ Kxg3 75. Bxb7 Kxh4 76. Bc8 Kg3 77. Bd7 h4 78. Be6 h3 79.
Bd5 h2 0-1

[Event "Lichtenberger Sommer 2019"]
[Site "Berlin"]
[Date "2019.08.25"]
[Round "9.7"]
[White "Möller, Dustin"]
[Black "Meyer-Dunker, Paul"]
[Result "1-0"]
[WhiteElo "2178"]
[BlackElo "2064"]
[PlyCount "23"]
[EventDate "2019.??.??"]
[WhiteTeam "Eckernförder SC"]
[BlackTeam "TSG Oberschöneweide"]

1. d4 d5 2. Nf3 Nf6 3. c4 dxc4 4. e3 e6 5. Bxc4 a6 6. O-O c5 7. Nc3 Nc6 8. a3
b5 9. Ba2 Bd6 10. Qe2 O-O 11. Rd1 Bb7 12. dxc5 1-0

[Event "Lichtenberger Sommer 2019"]
[Site "Berlin"]
[Date "2019.08.25"]
[Round "9.8"]
[White "Simon, Ralf-Axel"]
[Black "Jachym, Adam"]
[Result "1/2-1/2"]
[WhiteElo "2131"]
[BlackElo "1994"]
[PlyCount "109"]
[EventDate "2019.??.??"]
[WhiteTeam "SF Hannover"]
[BlackTeam "OKSZ Spolem Opole"]

1. Nf3 d5 2. e3 Nf6 3. c4 c6 4. Be2 e6 5. O-O Bd6 6. d4 Nbd7 7. Qc2 Ne4 8. b3
g5 9. Ba3 g4 10. Nfd2 Bxh2+ 11. Kxh2 Qh4+ 12. Kg1 g3 13. fxg3 Nxg3 14. Nf3 Qh1+
15. Kf2 Nxf1 16. Bxf1 Nf6 17. Nc3 Rg8 18. Re1 e5 19. Nxe5 Bh3 20. Ke2 Bxg2 21.
Qf5 Qh5+ 22. Qxh5 Nxh5 23. Kd3 f6 24. Bxg2 Rxg2 25. Nf3 Kf7 26. Rh1 Ng7 27.
Rxh7 Rg3 28. Nd2 Re8 29. Nd1 Kg6 30. Rh1 Nf5 31. Re1 Nh4 32. cxd5 Ng2 33. Rf1
Nxe3 34. Nxe3 Rexe3+ 35. Kc2 cxd5 36. Rh1 Re2 37. Bc1 Rg4 38. Kd3 Rf2 39. Rh8
f5 40. Rd8 Rg3+ 41. Kc2 f4 42. Rxd5 Rg1 43. Rd8 Kf7 44. Rd7+ Ke6 45. Rxb7 f3
46. d5+ Kxd5 47. Rxa7 Re2 48. Rf7 f2 49. Kd3 Rxd2+ 50. Bxd2 f1=Q+ 51. Rxf1 Rxf1
52. a4 Rb1 53. Kc3 Rxb3+ 54. Kxb3 Kc6 55. Bb4 1/2-1/2

[Event "Lichtenberger Sommer 2019"]
[Site "Berlin"]
[Date "2019.08.25"]
[Round "9.9"]
[White "Kohler, Thomas"]
[Black "Nöldner, Julian"]
[Result "1/2-1/2"]
[WhiteElo "2178"]
[BlackElo "1975"]
[PlyCount "24"]
[EventDate "2019.??.??"]
[WhiteTeam "SC Zitadelle Spandau"]
[BlackTeam "SV Empor Berlin"]

1. c4 g6 2. g3 c5 3. Bg2 Bg7 4. Nc3 Nc6 5. e3 e6 6. Nge2 Nge7 7. d4 cxd4 8.
Nxd4 d5 9. cxd5 Nxd5 10. Nxd5 exd5 11. O-O O-O 12. Qb3 Nxd4 1/2-1/2

[Event "Lichtenberger Sommer 2019"]
[Site "Berlin"]
[Date "2019.08.25"]
[Round "9.10"]
[White "Petersen, Soren Boeck"]
[Black "Keusch, Horst"]
[Result "1/2-1/2"]
[WhiteElo "2218"]
[BlackElo "2001"]
[PlyCount "59"]
[EventDate "2019.??.??"]
[WhiteTeam "Damhus Skakklub"]
[BlackTeam "SC Friesen Lichtenberg"]

1. e4 e6 2. d4 d5 3. e5 c5 4. c3 Nc6 5. Nf3 Bd7 6. Be2 Nge7 7. Na3 cxd4 8. cxd4
Nf5 9. Nc2 Rc8 10. O-O Be7 11. Ne3 Nh4 12. Nxh4 Bxh4 13. b3 Be7 14. Bb2 O-O 15.
Bd3 f5 16. exf6 Bxf6 17. Ng4 Be7 18. Qe2 Qb6 19. Rad1 Nb4 20. Ne5 Be8 21. Bb1
Nc6 22. Rfe1 Nxe5 23. Qxe5 Rf6 24. Bc1 Bd6 25. Qe2 Bb4 26. Bg5 Rf7 27. Bd2 Rf6
28. Bxb4 Qxb4 29. h3 Bg6 30. Bxg6 1/2-1/2

[Event "Lichtenberger Sommer 2019"]
[Site "Berlin"]
[Date "2019.08.25"]
[Round "9.11"]
[White "Krefenstein, Sergej"]
[Black "Rogozenco, Teodora"]
[Result "1-0"]
[WhiteElo "2125"]
[BlackElo "1974"]
[PlyCount "59"]
[EventDate "2019.??.??"]
[WhiteTeam "BSC Rehberge"]
[BlackTeam "Hamburger SK"]

1. e4 d6 2. d4 Nf6 3. Nc3 e5 4. Nf3 Nbd7 5. Bc4 Be7 6. a4 O-O 7. O-O c6 8. h3
h6 9. Re1 Re8 10. a5 Qc7 11. Be3 Nf8 12. Qe2 Ng6 13. d5 Bd7 14. a6 c5 15. axb7
Qxb7 16. b3 a5 17. Nd2 Reb8 18. Ra2 Qb4 19. Na4 Ne8 20. Rea1 Bg5 21. Nb2 Bxe3
22. fxe3 Ra7 23. Nd3 Qb6 24. Qf2 Rba8 25. Nb2 Qb4 26. Na4 Nf6 27. Bd3 Qb8 28.
Nc4 Ra6 29. Qe2 Nf8 30. Nxe5 1-0

[Event "Lichtenberger Sommer 2019"]
[Site "Berlin"]
[Date "2019.08.25"]
[Round "9.12"]
[White "Schulz, Olaf"]
[Black "Stark, Ingo"]
[Result "1-0"]
[WhiteElo "1957"]
[BlackElo "2113"]
[PlyCount "49"]
[EventDate "2019.??.??"]
[BlackTeam "TSG Oberschöneweide"]

1. d4 Nf6 2. c4 e6 3. Nc3 c5 4. d5 exd5 5. cxd5 Bd6 6. Bg5 h6 7. Ne4 Be5 8.
Bxf6 Bxf6 9. Nd6+ Kf8 10. Qd2 g6 11. h4 Kg7 12. h5 Bg5 13. f4 Be7 14. Nxc8 Qxc8
15. d6 Bf6 16. e4 Bd4 17. Nf3 Nc6 18. hxg6 fxg6 19. Bb5 Bf6 20. e5 Bd8 21.
O-O-O Ba5 22. Qc2 Nd4 23. Nxd4 cxd4 24. Rxd4 Qe8 25. Qa4 1-0

[Event "Lichtenberger Sommer 2019"]
[Site "Berlin"]
[Date "2019.08.25"]
[Round "9.13"]
[White "Kutschke, Jens"]
[Black "Dathe, Frederick"]
[Result "1/2-1/2"]
[WhiteElo "1953"]
[BlackElo "2110"]
[PlyCount "35"]
[EventDate "2019.??.??"]
[WhiteTeam "SF 1903 Berlin"]
[BlackTeam "SC Kreuzberg"]

1. e4 d5 2. exd5 Qxd5 3. d4 Nc6 4. Nf3 Bg4 5. Be2 O-O-O 6. c4 Qd7 7. d5 Bxf3 8.
Bxf3 Ne5 9. Nd2 Nd3+ 10. Kf1 e6 11. Qe2 Nb4 12. a3 Nc2 13. dxe6 fxe6 14. Qe4
Qd3+ 15. Qxd3 Rxd3 16. Rb1 Rd7 17. g3 Nf6 18. Kg2 1/2-1/2

[Event "Lichtenberger Sommer 2019"]
[Site "Berlin"]
[Date "2019.08.25"]
[Round "9.14"]
[White "Schulz, Hartmut"]
[Black "Eisheh, Jens-Tarek"]
[Result "1/2-1/2"]
[WhiteElo "2064"]
[BlackElo "1779"]
[PlyCount "104"]
[EventDate "2019.??.??"]
[WhiteTeam "SC Rochade (Berlin)"]
[BlackTeam "Lübecker SV"]

1. d4 d5 2. Nf3 e6 3. c4 Nf6 4. Nc3 Be7 5. Bg5 Nbd7 6. e3 h6 7. Bh4 Ne4 8. Bxe7
Qxe7 9. Bd3 Nxc3 10. bxc3 O-O 11. cxd5 exd5 12. O-O c6 13. Re1 Nf6 14. Ne5 Be6
15. Rb1 Ne4 16. Qc2 Nd6 17. f4 Nc4 18. Bxc4 dxc4 19. f5 Bc8 20. Nxc4 Qg5 21.
Nd6 b6 22. Nxc8 Raxc8 23. e4 f6 24. Re2 c5 25. d5 Qf4 26. c4 Rfe8 27. a4 Rc7
28. Qd3 Qe5 29. Rd1 Qd6 30. g3 Re5 31. Kf2 Rf7 32. Ra1 Qc7 33. Kf3 Rd7 34. Qc3
Rde7 35. a5 Qd7 36. Qd3 Qd6 37. axb6 Qxb6 38. d6 Rd7 39. Rd2 Qc6 40. g4 h5 41.
Re1 hxg4+ 42. Kxg4 a5 43. Kf4 a4 44. Re3 Qa6 45. Qb1 Qxc4 46. Qb8+ Kf7 47. Qc8
Qb5 48. Rb2 Qf1+ 49. Rf3 Qc1+ 50. Re3 Qf1+ 51. Rf3 Qc1+ 52. Re3 Qf1+ 1/2-1/2

[Event "Lichtenberger Sommer 2019"]
[Site "Berlin"]
[Date "2019.08.25"]
[Round "9.15"]
[White "Zühlke, Burkhard"]
[Black "Rosmann, Ilja"]
[Result "1/2-1/2"]
[WhiteElo "2009"]
[BlackElo "2323"]
[PlyCount "21"]
[EventDate "2019.??.??"]
[WhiteTeam "SGem Fürth"]
[BlackTeam "Königsspringer SC 1984"]

1. d4 Nf6 2. c4 g6 3. Nc3 d5 4. Nf3 Bg7 5. Bf4 O-O 6. Rc1 c5 7. dxc5 Qa5 8.
cxd5 Rd8 9. Qd2 Nxd5 10. Nxd5 Qxd2+ 11. Bxd2 1/2-1/2

[Event "Lichtenberger Sommer 2019"]
[Site "Berlin"]
[Date "2019.08.25"]
[Round "9.16"]
[White "Amelang, Thomas"]
[Black "Silz, Elisa"]
[Result "1-0"]
[WhiteElo "2165"]
[BlackElo "2011"]
[PlyCount "81"]
[EventDate "2019.??.??"]
[WhiteTeam "Münchener SC"]
[BlackTeam "SV Empor Berlin"]

1. e4 c5 2. Nc3 d6 3. d3 Nc6 4. Be3 g6 5. Qd2 Bg7 6. g3 Nf6 7. Bh6 O-O 8. h4
Nd4 9. Bxg7 Kxg7 10. Bg2 h5 11. Nce2 e5 12. c3 Nc6 13. Nf3 Rb8 14. O-O b5 15.
a3 Bb7 16. Ng5 Na5 17. Rad1 Qb6 18. b4 Nb3 19. Qc2 c4 20. d4 Rbe8 21. Nc1 Nxc1
22. Qxc1 Re7 23. Qe3 Ng4 24. Qe2 Rfe8 25. f3 Nf6 26. Qf2 exd4 27. cxd4 a5 28.
Nh3 Ra8 29. Qb2 Rc7 30. Qc3 Kg8 31. g4 axb4 32. axb4 hxg4 33. fxg4 Nxe4 34. Qe3
d5 35. Qh6 Qe6 36. Rf4 Ra2 37. Bxe4 dxe4 38. Ng5 e3 39. Qh7+ Kf8 40. Nxe6+ Ke7
41. Qxf7+ 1-0

[Event "Lichtenberger Sommer 2019"]
[Site "Berlin"]
[Date "2019.08.25"]
[Round "9.17"]
[White "Landt, Stefan"]
[Black "Wierzbicki, Jirawat"]
[Result "0-1"]
[WhiteElo "1910"]
[BlackElo "2160"]
[PlyCount "108"]
[EventDate "2019.??.??"]
[WhiteTeam "SC Kreuzberg"]
[BlackTeam "SK König Tegel"]

1. d4 d5 2. Nf3 Nf6 3. c4 dxc4 4. e3 Bg4 5. h3 Bh5 6. Bxc4 e6 7. Nc3 Nc6 8. O-O
Bd6 9. b3 O-O 10. Bb2 a6 11. Be2 Qe8 12. Ne5 Bxe2 13. Nxe2 Rd8 14. Qc1 Nb4 15.
Nf4 Qe7 16. a3 Nbd5 17. Nfd3 Ne4 18. Nc4 f5 19. Qe1 Qg5 20. Nde5 Be7 21. f3 Nd6
22. Bc1 Qf6 23. Ra2 c5 24. e4 fxe4 25. Ng4 Qxd4+ 26. Kh1 Nxc4 27. bxc4 Qxc4 28.
Rb2 exf3 29. Qxe6+ Kh8 30. Rg1 Rd6 31. Qe5 f2 32. Rxf2 Rxf2 33. Nxf2 Qd4 34.
Qe2 Qh4 35. Bb2 Rd8 36. Ng4 Bd6 37. Re1 h5 38. Ne5 Bxe5 39. Qxe5 Nf6 40. Qc3
Qg5 41. Qf3 Qd5 42. Qg3 Re8 43. Rxe8+ Nxe8 44. Qe3 Qc6 45. Qg5 b5 46. Qxh5+ Kg8
47. Bc3 c4 48. Qe5 Nf6 49. Qe7 Qb6 50. h4 Qf2 51. Qe6+ Kh7 52. Qh3 Qf1+ 53. Kh2
Qd3 54. Qxd3+ cxd3 0-1

[Event "Lichtenberger Sommer 2019"]
[Site "Berlin"]
[Date "2019.08.25"]
[Round "9.18"]
[White "Tschernatsch, Johannes"]
[Black "Schmidt, Fabian"]
[Result "1-0"]
[WhiteElo "2155"]
[BlackElo "1952"]
[PlyCount "47"]
[EventDate "2019.??.??"]
[WhiteTeam "SC Empor Potsdam"]
[BlackTeam "Königsjäger Süd-West"]

1. e4 e5 2. Nf3 Nc6 3. Bb5 Nf6 4. d3 Bc5 5. c3 O-O 6. O-O d6 7. Re1 Bb6 8. h3
Ne7 9. d4 Ng6 10. Bd3 Nh5 11. Be3 Nhf4 12. Bf1 Qf6 13. Nbd2 c6 14. Kh2 h6 15.
a4 Bc7 16. g3 Ne6 17. Bg2 Rd8 18. Qb3 c5 19. d5 Ng5 20. Nxg5 hxg5 21. Nf3 Nf4
22. gxf4 gxf4 23. Bd2 Qh6 24. Rh1 1-0

[Event "Lichtenberger Sommer 2019"]
[Site "Berlin"]
[Date "2019.08.25"]
[Round "9.19"]
[White "Hillmann, Michael"]
[Black "Dittrich, Tom"]
[Result "1/2-1/2"]
[WhiteElo "2138"]
[BlackElo "1923"]
[PlyCount "76"]
[EventDate "2019.??.??"]
[WhiteTeam "SV Sangerhausen"]
[BlackTeam "SG Stadtilm"]

1. d4 Nf6 2. Nf3 g6 3. c4 Bg7 4. g3 O-O 5. Bg2 d6 6. O-O Nbd7 7. Nc3 e5 8. e4
a6 9. h3 b5 10. cxb5 axb5 11. Re1 c6 12. Qc2 Bb7 13. Be3 Rc8 14. Qb3 Qa5 15. a3
exd4 16. Nxd4 Ne5 17. f4 Nc4 18. Bf2 Nd7 19. Re2 Nc5 20. Qc2 b4 21. Na2 Nxa3
22. bxa3 Qxa3 23. Rb1 Bxd4 24. Bxd4 b3 25. Qb2 bxa2 26. Qxa2 Qxa2 27. Rxa2 Ne6
28. Bf6 Ba8 29. Be7 Rfe8 30. Bxd6 c5 31. e5 Bxg2 32. Kxg2 c4 33. Rc1 Nd4 34.
Ra4 Nf5 35. Kf3 Nxd6 36. exd6 Rc6 37. d7 Rd8 38. Raxc4 Rxc4 1/2-1/2

[Event "Lichtenberger Sommer 2019"]
[Site "Berlin"]
[Date "2019.08.25"]
[Round "9.20"]
[White "Kraft, Tom"]
[Black "Nohr, Jonas"]
[Result "1/2-1/2"]
[WhiteElo "1893"]
[BlackElo "2126"]
[PlyCount "105"]
[EventDate "2019.??.??"]
[WhiteTeam "SC Zugzwang 95 (Berlin)"]
[BlackTeam "Königsjäger Süd-West"]

1. d4 d5 2. Nf3 Nf6 3. Bf4 e6 4. e3 Bd6 5. Ne5 c6 6. c3 Qc7 7. Nd2 Nbd7 8. Nxd7
Bxd7 9. Bxd6 Qxd6 10. Bd3 e5 11. dxe5 Qxe5 12. Nf3 Qe7 13. h3 O-O 14. Qc2 c5
15. O-O-O Rab8 16. g4 Bc6 17. Rhe1 Ne4 18. Bxe4 dxe4 19. Nd2 b6 20. Rg1 Rfe8
21. g5 Qe6 22. Qb3 Bd5 23. c4 Bc6 24. Qc2 a6 25. h4 b5 26. b3 a5 27. cxb5 Bxb5
28. Nc4 Bxc4 29. Qxc4 Qxc4+ 30. bxc4 Rb4 31. Rd5 Rxc4+ 32. Kd2 g6 33. Rb1 Ra4
34. Rb2 Rc8 35. Kc3 c4 36. Rbd2 Kg7 37. Rc2 h6 38. Re5 hxg5 39. hxg5 Rd8 40.
Rxe4 Rd3+ 41. Kb2 c3+ 42. Rxc3 Rxa2+ 43. Kxa2 Rxc3 44. Kb2 Rc5 45. f4 f5 46.
Re7+ Kf8 47. Rb7 Rc4 48. Rb6 Kf7 49. Rb7+ Ke8 50. Rb6 Kf7 51. Rb7+ Ke8 52. Rb6
Kf7 53. Rb7+ 1/2-1/2

[Event "Lichtenberger Sommer 2019"]
[Site "Berlin"]
[Date "2019.08.25"]
[Round "9.21"]
[White "Kornrumpf, Joachim"]
[Black "Metzinger, Hannes"]
[Result "0-1"]
[WhiteElo "2099"]
[BlackElo "1917"]
[PlyCount "56"]
[EventDate "2019.??.??"]
[WhiteTeam "Preetzer TSV"]
[BlackTeam "SK Ottenau"]

1. Nf3 Nf6 2. e3 d5 3. c4 c5 4. cxd5 Nxd5 5. a3 Nc6 6. Qc2 e5 7. Bb5 Bd6 8. b4
Qb6 9. Bxc6+ Qxc6 10. bxc5 O-O 11. Bb2 Re8 12. d3 f5 13. Nbd2 b6 14. Qb3 Be6
15. Ng5 Bxc5 16. Nxe6 Qxe6 17. O-O Nxe3 18. fxe3 Bxe3+ 19. Kh1 Bxd2 20. Qxe6+
Rxe6 21. Rxf5 e4 22. dxe4 Rxe4 23. Raf1 Re1 24. Rxe1 Bxe1 25. Rg5 g6 26. Rd5
Rf8 27. g3 Rf1+ 28. Kg2 Rf2+ 0-1

[Event "Lichtenberger Sommer 2019"]
[Site "Berlin"]
[Date "2019.08.25"]
[Round "9.22"]
[White "Grassi, Fabrizio"]
[Black "Braeunlin, Herbert"]
[Result "1/2-1/2"]
[WhiteElo "1861"]
[BlackElo "2091"]
[PlyCount "91"]
[EventDate "2019.??.??"]
[WhiteTeam "SV Berlin-Friedrichstadt"]

1. d4 d5 2. Bf4 Nf6 3. e3 e6 4. Nd2 c5 5. c3 Bd6 6. Bxd6 Qxd6 7. f4 Nc6 8. Bd3
Bd7 9. a3 h5 10. Ngf3 Ng4 11. Qe2 f5 12. h3 Nf6 13. Ne5 Ne4 14. Bxe4 fxe4 15.
dxc5 Qxc5 16. Nxd7 Kxd7 17. Rd1 Kc7 18. Nb3 Qb6 19. Nd4 Nxd4 20. cxd4 Rac8 21.
Rc1+ Kb8 22. O-O g6 23. b4 a6 24. Rc5 Rxc5 25. dxc5 Qc6 26. Qb2 Rd8 27. Qf6 Qd7
28. Qxg6 d4 29. Qxe4 d3 30. Rd1 d2 31. Qc2 Qd5 32. Kh1 Kc7 33. a4 Kc6 34. Kh2
Qd3 35. Qxd3 Rxd3 36. e4 a5 37. bxa5 Kxc5 38. Kg1 Kc4 39. f5 exf5 40. exf5 Kc3
41. Kf2 Kc2 42. Ke2 h4 43. f6 Rd6 44. f7 Re6+ 45. Kf2 Rf6+ 46. Ke2 1/2-1/2

[Event "Lichtenberger Sommer 2019"]
[Site "Berlin"]
[Date "2019.08.25"]
[Round "9.23"]
[White "Poseck, Steffen"]
[Black "Bender, Sebastian"]
[Result "1/2-1/2"]
[WhiteElo "2041"]
[BlackElo "1911"]
[PlyCount "127"]
[EventDate "2019.??.??"]
[WhiteTeam "BSV 63 Chemie Weißensee"]
[BlackTeam "SC Zugzwang 95 (Berlin)"]

1. e4 c5 2. Nf3 e6 3. Nc3 Nc6 4. d4 cxd4 5. Nxd4 a6 6. Be2 Qc7 7. O-O Nf6 8.
Be3 Be7 9. f4 d6 10. Qe1 O-O 11. Qg3 Bd7 12. Rae1 b5 13. a3 Rac8 14. Kh1 Kh8
15. Bf3 Qd8 16. Qf2 Nxd4 17. Bxd4 Rc4 18. Rd1 Qb8 19. e5 Ne8 20. exd6 Bxd6 21.
g3 Bc6 22. Ne4 Bxe4 23. Bxe4 Nf6 24. Bf3 b4 25. axb4 Rxb4 26. Ba7 Qc7 27. Rxd6
Qxd6 28. Qc5 Qxc5 29. Bxc5 Rfb8 30. Bxb4 Rxb4 31. b3 g6 32. Ra1 Rb6 33. Be2 Rc6
34. Bd3 Nd5 35. Rxa6 Rc3 36. Ra4 Ne3 37. Ra2 Nd5 38. Be4 Nb4 39. Ra4 Nxc2 40.
Rc4 Rxc4 41. bxc4 Nd4 42. c5 Kg7 43. Kg1 Nb5 44. Kf2 f5 45. Bc6 Nc7 46. Ba4 Kf6
47. Ke3 e5 48. Bb3 h6 49. h4 g5 50. h5 gxf4+ 51. gxf4 Nb5 52. Bc4 Nc7 53. c6
Ne8 54. Bb3 Nc7 55. Kf3 Ne8 56. Bg8 Nc7 57. Bc4 Ne8 58. Ba6 Nc7 59. Bc8 Ne8 60.
Bd7 Nc7 61. fxe5+ Kxe5 62. Ke3 Nd5+ 63. Kf3 Nc7 64. Ke3 1/2-1/2

[Event "Lichtenberger Sommer 2019"]
[Site "Berlin"]
[Date "2019.08.25"]
[Round "9.24"]
[White "Döring, Martin"]
[Black "Hahlbohm, Matthias"]
[Result "0-1"]
[WhiteElo "1807"]
[BlackElo "2041"]
[PlyCount "100"]
[EventDate "2019.??.??"]
[WhiteTeam "SC Weisse Dame"]
[BlackTeam "TSG Oberschöneweide"]

1. e4 c5 2. c3 d5 3. d4 dxe4 4. Be3 cxd4 5. cxd4 e6 6. Nc3 Bb4 7. Rc1 Nc6 8. f3
exf3 9. Nxf3 Nf6 10. Bd3 h6 11. a3 Bxc3+ 12. bxc3 O-O 13. O-O b6 14. Qe1 Nd5
15. Bd2 f5 16. c4 Nf6 17. Bc3 Qd7 18. Qh4 Bb7 19. Rfd1 Rad8 20. Bb1 Qc8 21. Ba2
Kh8 22. Qh3 Ne4 23. Bb2 Kh7 24. Bb1 Ne7 25. Re1 Kg8 26. Ba2 Ng6 27. g3 Rfe8 28.
Qh5 Nf8 29. Ne5 Re7 30. Rcd1 Nf6 31. Qh3 N8d7 32. Ng6 Ree8 33. Bc1 Kh7 34. Nf4
Nf8 35. Bb2 Ng4 36. Bb1 Kg8 37. Qf1 Nf6 38. Ba2 Kh7 39. Bb1 Be4 40. Bxe4 Nxe4
41. Ng2 Nd7 42. Qd3 Ne5 43. Qf1 Nxc4 44. Rc1 b5 45. Ne3 Nxe3 46. Rxe3 Qb7 47.
Rb3 a6 48. Rd1 Qd5 49. Rf3 Rc8 50. g4 fxg4 0-1

[Event "Lichtenberger Sommer 2019"]
[Site "Berlin"]
[Date "2019.08.25"]
[Round "9.25"]
[White "Kapr, Klaus"]
[Black "Fuchs, Dominik"]
[Result "1-0"]
[WhiteElo "2031"]
[BlackElo "1887"]
[PlyCount "47"]
[EventDate "2019.??.??"]
[WhiteTeam "SC Friesen Lichtenberg"]
[BlackTeam "SC Zitadelle Spandau"]

1. e4 e5 2. Nf3 Nc6 3. Bb5 a6 4. Ba4 Nf6 5. O-O Be7 6. Re1 b5 7. Bb3 d6 8. c3
O-O 9. h3 Na5 10. Bc2 c5 11. d4 Qc7 12. Nbd2 cxd4 13. cxd4 Bd7 14. Nf1 Rfe8 15.
b3 Rac8 16. Bd3 exd4 17. Bb2 Nc6 18. Rc1 Qa5 19. Bb1 d5 20. exd5 Nxd5 21. Nxd4
b4 22. Nxc6 Bxc6 23. Qg4 Bf6 24. Rxc6 1-0

[Event "Lichtenberger Sommer 2019"]
[Site "Berlin"]
[Date "2019.08.25"]
[Round "9.26"]
[White "Teichert, Felix"]
[Black "Mock, Peter"]
[Result "1-0"]
[WhiteElo "2027"]
[BlackElo "1784"]
[PlyCount "117"]
[EventDate "2019.??.??"]
[WhiteTeam "Leegebrucher SF"]
[BlackTeam "SC Rochade (Berlin)"]

1. e4 c6 2. d4 d5 3. Nc3 dxe4 4. Nxe4 Nd7 5. Ng5 Ngf6 6. Bc4 e6 7. Qe2 Nb6 8.
Bd3 h6 9. N5f3 Be7 10. Ne5 Qxd4 11. Ngf3 Qd8 12. O-O O-O 13. c4 Qc7 14. Bf4 Nh5
15. Bd2 Nd7 16. g4 Nxe5 17. Nxe5 Bd6 18. f4 Nf6 19. h4 Rd8 20. Rad1 Bxe5 21.
fxe5 Nxg4 22. Qxg4 Rxd3 23. Bxh6 f5 24. Qg6 Rd7 25. Qe8+ Kh7 26. Bf4 b6 27. h5
Rb8 28. Qxe6 Rxd1 29. Qg6+ Kh8 30. Qe8+ Kh7 31. Rxd1 Bb7 32. Qg6+ Kh8 33. Qxf5
c5 34. Rd6 Rd8 35. h6 Bc8 36. Qg5 Rxd6 37. exd6 gxh6 38. Qxh6+ Qh7 39. Be5+ Kg8
40. Qg5+ Kf7 41. Qe7+ Kg6 42. Qf6+ Kh5 43. Qf3+ Bg4 44. Qh1+ Kg6 45. Qe4+ Bf5
46. Qg2+ Kf7 47. Qd5+ Be6 48. Qb7+ Kg6 49. Qg2+ Kf7 50. Qf3+ Qf5 51. Qb7+ Kg6
52. Qg2+ Kh5 53. Bg3 Bxc4 54. Kh2 Bf1 55. Qf2 Qh3+ 56. Kg1 Bc4 57. Qf3+ Kg6 58.
Qe4+ Kh5 59. Qh7+ 1-0

[Event "Lichtenberger Sommer 2019"]
[Site "Berlin"]
[Date "2019.08.25"]
[Round "9.27"]
[White "Hermannsdörfer, Frank"]
[Black "Kohlmeyer, Dagobert"]
[Result "1-0"]
[WhiteElo "2177"]
[BlackElo "1776"]
[PlyCount "120"]
[EventDate "2019.??.??"]
[WhiteTeam "SV Liebschwitz"]
[BlackTeam "SG Weißensee 49"]

1. b3 e5 2. Bb2 Nc6 3. e3 Nf6 4. Bb5 d6 5. Ne2 Bd7 6. d4 exd4 7. exd4 a6 8. Bd3
Nb4 9. Nbc3 Nxd3+ 10. Qxd3 Be7 11. O-O-O d5 12. Rde1 O-O 13. f3 b5 14. Nf4 c6
15. Qe2 Bd6 16. Nd3 a5 17. a4 Bb4 18. Nc5 Re8 19. Qf2 Rxe1+ 20. Rxe1 bxa4 21.
N5xa4 Qf8 22. Nc5 Re8 23. Rxe8 Qxe8 24. Qe2 Qxe2 25. Nxe2 Bc8 26. c3 Bxc5 27.
dxc5 Nd7 28. Nd4 Bb7 29. Ba3 g6 30. Kd2 Kg7 31. Ke3 Kf6 32. f4 Nb8 33. g4 h6
34. Bb2 Ke7 35. b4 axb4 36. cxb4 Bc8 37. f5 g5 38. f6+ Kf8 39. Kf3 Kg8 40. b5
Bb7 41. b6 Ba6 42. Nf5 Kh7 43. Bd4 Nd7 44. Kg3 Nb8 45. h4 Nd7 46. Nd6 Kg8 47.
hxg5 hxg5 48. b7 Kf8 49. Bc3 Bd3 50. Bd2 d4 51. Bxg5 Ba6 52. Kf4 d3 53. Kf5 Nb8
54. Bd2 Nd7 55. g5 Kg8 56. g6 fxg6+ 57. Kxg6 Bxb7 58. Nxb7 Ne5+ 59. Kf5 Nf3 60.
Nd8 Nxd2 1-0

[Event "Lichtenberger Sommer 2019"]
[Site "Berlin"]
[Date "2019.08.25"]
[Round "9.28"]
[White "Hoyer, Olaf"]
[Black "Nötzel, Felix"]
[Result "0-1"]
[WhiteElo "1824"]
[BlackElo "2262"]
[PlyCount "48"]
[EventDate "2019.??.??"]
[WhiteTeam "SC BS Gliesmarode"]
[BlackTeam "SF 1903 Berlin"]

1. d4 Nf6 2. Nf3 d5 3. g3 e6 4. Bg2 Bd6 5. O-O O-O 6. b3 Nbd7 7. Bb2 Ne4 8. c4
c6 9. Nfd2 f5 10. f4 Ndf6 11. Nxe4 Nxe4 12. Bxe4 fxe4 13. Ba3 b6 14. Bxd6 Qxd6
15. Nd2 c5 16. e3 Ba6 17. Rc1 Rac8 18. Re1 Rfd8 19. dxc5 bxc5 20. Qg4 Bb7 21.
Red1 d4 22. f5 exf5 23. Qxf5 dxe3 24. Nxe4 Qxd1+ 0-1

[Event "Lichtenberger Sommer 2019"]
[Site "Berlin"]
[Date "2019.08.25"]
[Round "9.29"]
[White "George, Tom"]
[Black "Muskewitz, Bernd"]
[Result "1-0"]
[WhiteElo "2210"]
[BlackElo "1879"]
[PlyCount "115"]
[EventDate "2019.??.??"]
[WhiteTeam "SG Stadtilm"]
[BlackTeam "SF Nordost Berlin"]

1. d4 d5 2. Nf3 c5 3. c4 e6 4. g3 dxc4 5. Bg2 Nc6 6. e3 Nf6 7. O-O Be7 8. Na3
O-O 9. Nxc4 cxd4 10. Nxd4 Nxd4 11. exd4 Nd5 12. Ne5 Qd6 13. Be4 b6 14. Qd3 f5
15. Bg2 Nb4 16. Qb3 Ba6 17. Bxa8 Bxf1 18. Bf3 Ba6 19. Bf4 Nd5 20. Qa4 b5 21.
Qb3 Nxf4 22. gxf4 Rc8 23. d5 Bb7 24. Rd1 Qb4 25. Qxb4 Bxb4 26. dxe6 Bxf3 27.
Nxf3 Kf8 28. Rd7 Rc2 29. Ne5 Bc5 30. Nd3 Bb6 31. Rf7+ Ke8 32. Rxg7 Rd2 33. Rd7
Re2 34. Rxh7 Rxe6 35. Ne5 Rd6 36. Rh3 Rd2 37. Nd3 Ke7 38. Kf1 Kd6 39. Ke1 Rc2
40. Rh6+ Ke7 41. Kd1 Rc8 42. h4 Rd8 43. Ke2 Kf7 44. h5 Rg8 45. Ne5+ Kg7 46.
Rg6+ Kh7 47. Rxg8 Kxg8 48. Nf3 Kg7 49. Nh4 Kh6 50. Nxf5+ Kxh5 51. Ne3 Bc7 52.
Kf3 Kg6 53. Ke4 Kf7 54. f5 Ba5 55. Kd5 Be1 56. Ng4 a5 57. Kc5 b4 58. b3 1-0